Записка полковника Дурново "О поступлении нижних чинов на вторичную службу и о производстве их в офицеры"

Доступно только в Электронных читальных залах Найти на картеНа карте
RUSMARC
00003654nmc2a22002413x 450
001517d393d-c33f-4d4b-bc10-2a27d8b361b4
00520230904185734.0
100##$a20230516l18601869k l0rusy0189 ca
1010#$arus
102##$aRU
105##$ay###
1222#$ad
2001#$aЗаписка полковника Дурново "О поступлении нижних чинов на вторичную службу и о производстве их в офицеры"
$j[1860-е] гг.
215##$a8 л.
$d24х38,5 см
251##$cДело
300##$aМихаил Петрович фон Кауфман (1821-1902 годы). Материалы, связанные со служебной деятельностью. По интендантской части
371##$aДокумент не является опубликованным и широко распространяемым
461#0$100190e07281-0192-43e2-b84a-6d6cf747817c
$12001
$aФон Кауфманы и фон Кауфманы Туркестанские
$1251
$cФонд
$1852
$j954
462#0$1001ff04dd05-f76b-4284-9957-af4e9e6c0442
$12001
$aМатериалы к истории рода Kауфманов; личные и служебные документы К.П., М.П., П.М. Кауфмана
$1251
$cОпись
$1852
$j1
801#0$aRU
$bРГИА
$c20230516
$gRCR
801#1$aRU
$bГлавНИВЦ
$c20230516
$2rusmarc
801#2$aRU
$bПБ им. Б.Н. Ельцина
$c20230904
$gRCR
$2rusmarc
850##$aРГИА
852##$aРГИА
$eФедеральное казенное учреждение "Российский государственный исторический архив" (РГИА)
$j220
937##$hРГИА
$d12390614
$aASBIBLIO_SCAN
035##$aRusGRCC00059400
856##$uhttp://readingroom.main.prlib.ru/item.aspx?id_node=n187350458&mode=full
Формат отображения